000
00319nam a22001337a 4500
008
170619b xxu||||| |||| 00| 0 eng d
020
_a
9780521576147
041
_a
eng
080
_a
32
100
_a
20
101
_a
SHP
245
_a
PRESIDENTIALS AND DEMOCRACY IN LATIN AMERICA
_c
MAINWARING.S
942
_2
udc
_c
BK
999
_c
18186
_d
18186